000 00323nam a2200121 i 4500
001 bg
245 0 _aSporthallen und Sportanlagen fur Schulen, Wereine und Betriebe /
_cp. red. Wilda Friedemanna.
260 _aMunchen,
_c1971.
040 _cBPK
041 _apol
942 _cKS
008 s pl f |000 0 pol
999 _c14494
_d14494
856 _uhttp://koha.tu.koszalin.pl/cgi-bin/koha/opac-detail.pl?biblionumber=14494
_yKatalog online BPK